Word Ladder: Mega Geography/Astronomy/Cartoon Challenge Quiz Stats

 Plays Quiz not verified by Sporcle

Also try: The Power Quiz
Challenge
Share
Tweet
Score 0/157 Timer 17:00
1 Play Today
Clue 4-Letter Rung % Correct
Simpsons character - ____ Simpson** BART **
88.6%
TaxisCABS
88.3%
MLB team from ChicagoCUBS
86.8%
Capital of Switzerland** BERN **
85.6%
Country in North America** CUBA **
85.3%
Ernie's palBERT
85.3%
World's longest river** NILE **
85%
Capital of Italy** ROME **
83.5%
1.6093 KilometresMILE
82.6%
Product of DetroitCARS
82%
Brought to lifeBORN
81.7%
Throw upBARF
79.6%
PleasantNICE
79.3%
Country in Africa** TOGO **
78.4%
Bouncing stickPOGO
76.9%
Poetic morningMORN
76.6%
Roman garmentTOGA
76%
Jesus's mum** MARY **
73.7%
4th planet from the sun** MARS **
73.4%
Country in Africa** MALI **
72.5%
Simpsons character - ____ Carlson** CARL **
72.2%
Past tense of 'go'WENT
71.9%
Capital of Maldives** MALÉ **
71.6%
Extreme angerRAGE
71.3%
Cook in the ovenBAKE
69.5%
Speak musicallySING
69.2%
Simpsons character - ____ Simpson** LISA **
68.9%
Body of waterLAKE
68.6%
CertainSURE
68.6%
French pianist Pascal ____ROGÉ
67.4%
Not fingersTOES
67.4%
Sloth, Envy, Greed etcSINS
67.1%
Country in Africa** CHAD **
66.8%
Spoke musicallySANG
66.8%
NeedWANT
66.2%
Family Guy character - ____ Goldman** MORT **
65.6%
Family Guy character - Mayor Adam ____** WEST **
65.6%
To gain possessionTAKE
65.3%
SeveralMANY
65.3%
Series of itemsLIST
64.7%
Facebook style agreementLIKE
63.8%
US island territory** GUAM **
63.5%
Family Guy character - Mayor ____ West** ADAM **
63.2%
BaitLURE
62.9%
Trading placeMART
62.6%
Section of windowPANE
62.6%
Keeps your teeth in placeGUMS
62%
Metric weight measurementGRAM
62%
Simpsons character - Dr ____ Riviera** NICK **
61.4%
Having a quick snoozeNAPS
61.4%
Capital of Latvia** RIGA **
61.1%
For fear thatLEST
61.1%
French city famous for the 24hr road race - Le ____(Le) MANS
61.1%
Clue 4-Letter Rung % Correct
____ Recorder - ____ Worm - ____ MeasureTAPE
60.8%
Royal court attendeePAGE
60.5%
Capital of American Samoa (x2)** PAGO **
60.5%
Japanese video game companySEGA
60.2%
Capital of Togo** LOMÉ **
59.9%
Cover with pavementPAVE
59.9%
Make a football go from one player to anotherPASS
59.6%
Pictorial geographyMAPS
59.3%
Hearing implementsEARS
59%
Mr Brown, Mr Aykroyd & Mr Quayle DANS
58.7%
Edible molluscCLAM
58.4%
Multiple Homer expletivesDOHS
58.1%
Make music without wordsHUMS
58.1%
Lime rich mudstoneMARL
57.2%
Round Dutch cheeseEDAM
56.3%
Greek mini-harpLYRE
56%
Mountainous region in CroatiaLIKA
56%
WearingCLAD
55.7%
Implements for playing poolCUES
55.7%
Simpsons character - ____ Moleman** HANS **
55.4%
Judy Garland's real surnameGUMM
55.4%
Canadian DJTIGA
54.8%
Country in Asia** IRAN **
54.5%
Lord Sebastian (and family)COES
54.2%
Pretentious female singerDIVA
53.9%
Capital of Qatar** DOHA **
53.9%
University tutorsDONS
53.9%
Capital of South Sudan** JUBA **
53.6%
Making a mistakeERRS
53.6%
Philosopher Immanuel ____KANT
52.7%
Ms Streisand's nicknameBABS
52.7%
Early warrior peopleHUNS
52.1%
Walking disabilityLAME
51.8%
Son of ShemARAM
51.8%
Kicked a ball with the end of the footTOED
51.8%
Familiar form of CharlesCHAS
51.2%
Musical soundTONE
50.9%
Yo Hommies, give me some Street ____CRED
50.6%
GrassTURF
50.3%
Simpsons character - ____ & Kodos ** KANG **
50%
Capital of Azerbaijan** BAKU **
49.7%
Brightest star in Cancer** TARF **
49.1%
Set up to be readyCUED
47.6%
Simpsons character - Fat ____** TONY **
47.6%
Ancient civilization in modern day IranELAM
47.3%
Native of south east Europe** TURK **
47%
Unleavened maize breadPONE
47%
Family Guy character - ____ Tucker** JAKE **
47%
Capital of Fiji** SUVA **
46.4%
Drinks flavoured with juniper berries GINS
46.4%
Major Hindu GodSIVA
46.1%
Property of a physical body** MASS **
46.1%
Country in Asia** OMAN **
45.5%
Clue 4-Letter Rung % Correct
Brightest star in Lyra - or singer Suzanne** VEGA **
44.6%
Items of ladies apparelBRAS
43.7%
1974 Lucille Ball filmMAME
43.1%
Individual Retirement ArrangementsIRAs
42.5%
A jolly jokeJAPE
42.5%
Simpsons character - ____ Flanders** TODD **
41.6%
Babylonian GoddessMAMI
41.3%
British pop band, The ____BabesSUGA
41.3%
Large city in AlgeriaORAN
40.7%
Capital of Timór-Leste** DILI **
39.8%
'Take on Me' & 'Hunting High and Low' are hits of ____A-HA'S
39.8%
Constallation in northern sky** LYRA **
38.3%
South Asian respectful male titleBABU
37.1%
Musical scores for guitarTABS
37.1%
Dirt, filth, wasteCRUD
36.8%
Anatomical foldRUGA
35.9%
Many German GrandmothersOMAS
35.9%
Chapter of the Qur'anSURA
35%
Caribbean birdTODY
35%
____ Filius - Latin: Son of GodDIVI
33.8%
Many German GrandfathersOPAS
32.9%
Brit slang for backsideA**E
32.3%
Capital of Greenland** NUUK **
31.7%
Most massive known dwarf planet** ERIS **
29.6%
Milliganese for idiotNURK
28.1%
Spanish word for pinePINO
28.1%
Lake in NW RussiaNIUK
27.2%
Protective sprit in Slavic mythologyDOLA
26.6%
Type of drumDOLI
26.3%
Constallation known as the Southern Cross** CRUX **
24.6%
Simpsons character - ____ Terwilliger** GINO **
24%
Constallation in southern sky** PAVO **
23.4%
Czech word for beerPIVO
22.8%
Town in New MexicoTAOS
21%
Brightest star in Puppis** NAOS **
20.1%
River flowing through CaucasiaARAS
19.8%
Numbering system used by composersOPUS
19.2%
Element of architectureAPSE
18.9%
Oasis songLYLA
18.3%
Brightest star in Ara** ARAE **
17.4%
Constallation in southern sky** VELA **
16.8%
Daryl Hannah's character in Blade RunnerPRIS
16.5%
Chilean red wine grapePAIS
16.5%
Advanced Programming in the UNIX EnvironmentAPUE
16.2%
Norse goddess of the underworld HELA
15.3%
Brazilian footballer** CRIS **
14.7%
Constallation in southern sky** APUS **
14.4%
Genus of tree toads HYLA
13.5%
Long narrative Scots poem(The) BRUS
9.6%
Constallation in southern sky** GRUS **
7.8%
Dave Matthews Band songGRUX
7.5%

You're not logged in!

Compare scores with friends on all Sporcle quizzes.
OR
Log In

You Might Also Like...

Show Comments

Extras

Top Quizzes Today


Score Distribution

Your Account Isn't Verified!

In order to create a playlist on Sporcle, you need to verify the email address you used during registration. Go to your Sporcle Settings to finish the process.

Report this User

Report this user for behavior that violates our Community Guidelines.

Details: